| 000 | 01300nam a22003857a 4500 | ||
|---|---|---|---|
| 999 |
_c200428081 _d46005 |
||
| 001 | 200428081 | ||
| 003 | TR-AnTOB | ||
| 005 | 20190710101537.0 | ||
| 007 | ta | ||
| 008 | 171206s2017 tu b 001 0 tur d | ||
| 020 | _a9789751633842 | ||
| 035 | _a(TR-AnTOB)200428081 | ||
| 040 |
_aTR-AnTOB _beng _erda _cTR-AnTOB |
||
| 041 | 0 | _atur | |
| 050 |
_aDS22.7 _bÖ93 2017 |
||
| 090 |
_aDS22.7 _bÖ93 2017 |
||
| 100 | 1 |
_aÖzcan, Altay Tayfun, _d1979- _eauthor _9118364 |
|
| 245 | 1 | 0 |
_aMoğol-Rus ilişkileri (1223-1341) / _cAltay Tayfun Özcan. |
| 264 | 1 |
_aAnkara : _bTürk Tarih Kurumu, _c2017. |
|
| 300 |
_axlv, 538 pages : _bcolor maps ; _c25 cm. |
||
| 336 |
_atext _btxt _2rdacontent |
||
| 337 |
_aunmediated _bn _2rdamedia |
||
| 338 |
_avolume _bnc _2rdacarrier |
||
| 490 | 0 |
_aTürk Tarih Kurumu Yayınları ; _vIV/A-1.1 _aDizi - Sayı ; _v31 |
|
| 504 | _aIncludes bibliographical references and index. | ||
| 590 | _aDonated by Ahmet Yaşar Ocak | ||
| 650 | 0 |
_927831 _aMongols _xHistory |
|
| 650 | 7 |
_98783 _aMoğollar _xTarih _2etuturkob |
|
| 651 | 7 |
_945824 _aMoğol İmparatorluğu _2etuturkob |
|
| 651 | 0 |
_945825 _aMogul Empire |
|
| 651 | 7 |
_940802 _aRusya _xTarih _2etuturkob |
|
| 651 | 0 |
_940803 _aRussia _xHistory |
|
| 942 |
_2lcc _cBK |
||